Major Cities Distance from New York City - Statistics

General Stats
  • This quiz has been taken 41 times
  • The average score is 2 of 15
Answer Stats
Distance (mi) Answer Distance (km) % Correct
204 Washington D.C. 328
97%
342 Toronto 551
32%
2451 Los Angeles 3945
30%
6844 Beijing 11014
22%
6756 Tokyo 10873
22%
7318 New Delhi 11778
11%
5618 Cairo 9042
5%
3187 Dublin 5129
3%
2831 Quito 4555
3%
2618 Reykjavik 4213
3%
1551 Santo Domingo 2497
3%
4725 Sofia 7604
3%
6008 Baghdad 9668
0%
5269 Lagos 8480
0%
5106 Santiago 8217
0%
No matching quizzes found
Score Distribution
Percent of People with Each Score
Percentile by Number Answered
Your Score History
You have not taken this quiz